| 000 | 00989nam a2200313Ia 4500 | ||
|---|---|---|---|
| 001 | Z_4187 | ||
| 003 | CHAP | ||
| 005 | 20251203123637.0 | ||
| 008 | 220113s2001 xx 000 0 und d | ||
| 010 | _a167250 | ||
| 020 | _a0-309-06997-1 | ||
| 040 |
_aZ _cCHAP _erda |
||
| 082 |
_a636.0852 _bN38 D39 2001 _220 |
||
| 110 | 1 |
_aNational Research Council. Washington. _bSubcommitee on Poultry Nutrition _9139954 |
|
| 245 |
_aNutrient requirements of dairy cattle / _cby National Research Council |
||
| 250 | _a7 th. | ||
| 260 |
_aWashington : _bAcademy Press, _c2001 |
||
| 300 | _a381 p. + C.D. | ||
| 440 |
_aAnimal Nutrition Series (National Academies of Sciences, Engineering, and Medicine) _982288 |
||
| 500 | _aFotocopía | ||
| 503 | _ac. 2 c/e | ||
| 650 |
_aAlimentos y alimentación del ganado _94326 |
||
| 650 |
_aGanado lechero _xAlimentación _945238 |
||
| 901 | _a636.0852 N38 D39 2001 | ||
| 902 | _aM | ||
| 910 | _a2001 | ||
| 942 |
_c1 _2ddc |
||
| 942 |
_cLIBRO _2ddc |
||
| 999 |
_c167250 _d167250 |
||